Statistics for Name The Top Ten EPL Teams In England.

Click here to take the quiz!

General Stats

  • This quiz has been taken 310 times
  • The average score is 8 of 10

Answer Stats

Answer% Correct
Arsenal
96%
Liverpool
95%
Chelsea
92%
Tottenham
81%
Everton
79%
Man City
73%
West Ham
69%
Man United
66%
Leicester
59%
Southampton
40%

Score Distribution

Percentile by Number Answered

Percent of People with Each Score

Your Score History

You have not taken this quiz